| 000 | 01119pam a2200349 a 4500 | ||
|---|---|---|---|
| 001 | 8953 | ||
| 003 | FISKH | ||
| 005 | 20251111095852.0 | ||
| 008 | 951128s1996 nmua j 001 0 eng | ||
| 010 | _a 95050830 | ||
| 020 | _a1562612824 | ||
| 020 | _a9781562612825 | ||
| 020 | _a9781562610067 | ||
| 040 |
_aDLC _cDLC _dDLC _beng |
||
| 050 | 0 | 0 |
_aQL668.E2 _bL68 1996 |
| 082 | 0 | 0 |
_a597.8 _220 |
| 100 | 1 |
_aLovett, Sarah, _d1953- |
|
| 245 | 1 | 0 |
_aFrogs / _ctext by Sarah Lovett ; [illustrations, Mary Sundstrom, Sally Blakemore]. |
| 260 |
_aSanta Fe, _bJohn Muir Publications, _c1991. |
||
| 300 |
_a30 pages : _bcolor illustrations ; _c28 cm |
||
| 490 | 1 | _aExtremely weird | |
| 500 | _aIncludes index. | ||
| 520 | _aDescribes the habitat, appearance, and behavior of a variety of unusual frogs. | ||
| 650 | 0 |
_aFrogs _xJuvenile literature. |
|
| 650 | 1 | _aFrogs. | |
| 700 | 1 |
_aSundstrom, Mary, _eillustrator |
|
| 700 | 1 |
_aBlakemore, Sally, _eillustrator |
|
| 800 | 1 |
_aLovett, Sarah, _d1953- _tExtremely weird. |
|
| 906 |
_a7 _bcbc _corignew _d1 _eocip _f19 _gy-gencatlg |
||
| 942 |
_2ddc _cBK _n0 |
||
| 999 |
_c8953 _d8953 |
||